Rocket League: Alle Seltenheiten - Statistiken

Allgemein
  • Dieses Quiz wurde 80 mal gespielt
  • Das Durchschnittsergebnis liegt bei 5 aus 8
Antwortstatistiken
Antwort % Korrekt
Schwarzmarkt
88%
Spezial (Selten)
88%
Sport (Ungewöhnlich)
80%
Import
74%
Deluxe (Sehr selten)
64%
Exotik
58%
Limitiert
19%
Legacy
12%
Keine übereinstimmenden Quizze gefunden
Verteilung der Resultate
Anzahl Personen mit jedem Resultat
Perzentil nach korrekt beantworteten Fragen
Ihre Resultats-Entwicklung
Sie haben dieses Quiz noch nicht gespielt